Handbook of Analytical Instruments (Record no. 23809)
[ view plain ]
| 000 -LEADER | |
|---|---|
| fixed length control field | 00337nam a22000977a 4500 |
| 008 - FIXED-LENGTH DATA ELEMENTS--GENERAL INFORMATION | |
| fixed length control field | 140128b xxu||||| |||| 00| 0 eng d |
| 020 ## - INTERNATIONAL STANDARD BOOK NUMBER | |
| International Standard Book Number | 139780070604605 |
| Terms of availability | Available |
| 082 ## - DEWEY DECIMAL CLASSIFICATION NUMBER | |
| Edition number | Second Ed |
| Classification number | 621.3KHA |
| Author Mark | 001454 |
| 245 ## - TITLE STATEMENT | |
| Title | Handbook of Analytical Instruments |
| Statement of responsibility, etc. | Khandpur R S |
| 260 ## - PUBLICATION, DISTRIBUTION, ETC. | |
| Place of publication, distribution, etc. | New Delhi |
| Name of publisher, distributor, etc. | Tata McGraw-Hill Publishing Company Limited |
| Date of publication, distribution, etc. | 2006 |
| Withdrawn status | Lost status | Source of classification or shelving scheme | Damaged status | Not for loan | Permanent Location | Current Location | Shelving location | Date acquired | Full call number | Barcode | Date last seen | Price effective from | Koha item type |
|---|---|---|---|---|---|---|---|---|---|---|---|---|---|
| NUST Baluchistan Campus (NBC) | NUST Baluchistan Campus (NBC) | General Stacks | 01/28/2014 | 621.3KHA | RCMS001454 | 01/28/2014 | 01/28/2014 | Book |
